| 000 | 00754nam0a22002411 4500 | ||
|---|---|---|---|
| 001 | rc\3036943 | ||
| 005 | 20250530021525.0 | ||
| 035 | _a(NLR Aleph) 007177511 | ||
| 090 |
_a7408083 _c7408083 |
||
| 100 | _a20111004d1936 |||y0rusy50 ca | ||
| 101 | 0 | _arus | |
| 102 | _aRU | ||
| 105 | _ay z ||||| | ||
| 200 | 1 |
_aЕстественный газ в Польше _fК. Тольвинский |
|
| 210 |
_a[Баку] _a[Москва] _cБ. и. _d[1936] |
||
| 215 | _aС. 27-40 | ||
| 300 | _aВ кн.: Геология газовых месторождений. Баку-М., 1936. II. с. 27-40 | ||
| 700 | 1 |
_aТольвинский _bК. |
|
| 801 | 0 |
_aRU _bNLR _gpsbo |
|
| 801 | 1 |
_aRU _bELAR _2rusmarc |
|
| 852 |
_aNLR _j35-17/376(2) |
||
| 942 | _cBOOK | ||
| 980 | _aNB | ||